| 000 | 00565nam a22001457a 4500 | ||
|---|---|---|---|
| 020 | _a9509909165 | ||
| 080 | _a340.12 Es 82 | ||
| 245 |
_aEstado y Sociedad en el Pensamiento nacional _bantologia conceptual para el analisis comparado |
||
| 260 |
_aBuenos Aires: _bCantaro, _c1996 |
||
| 300 | _a364 P: | ||
| 650 |
_xteoria del estado _xestado _xRousseau _xHobbes _xestado nacional _xsindicatos _xpartidos obreros _xcrisis _xindustrializacion _xmercado mundial _x1880- 1930 _x1958- 1973 |
||
| 700 |
_aAnsalidi, Waldo _eMoreno, Jose Luis |
||
| 942 | _6_ | ||
| 945 |
_acd _d2022-08-04 |
||
| 999 |
_c5173 _d235677 |
||